LEADER 01394nam--2200397---450- 001 990001142040203316 005 20060224094544.0 010 $a88-7642-099-1 035 $a000114204 035 $aUSA01000114204 035 $a(ALEPH)000114204USA01 035 $a000114204 100 $a20030414d2001----km-y0enga50------ba 101 0 $aita 102 $aIT 105 $ay|||z|||001yy 200 1 $aMethexis$ela teoria platonica delle idee e la partecipazione delle cose empiriche$edai dialoghi giovanili al Parmenide$fFrancesco Fronterotta 210 $aPisa$cScuola Normale Superiore$d2001 215 $aXXIII, 464 p.$d24 cm 225 2 $aPubblicazioni della classe di lettere e filosofia, Scuola Normale Superiore, Pisa$v23 410 0$1Pubblicazioni della classe di lettere e filosofia, Scuola Normale Superiore, Pisa$v23 600 1$aPlatone 676 $a184 700 1$aFRONTEROTTA,$bFrancesco$0530835 801 0$aIT$bsalbc$gISBD 912 $a990001142040203316 951 $aV.1. Coll.29/ 17(V A COLL 202/23)$b167075 L.M.$cV A COLL$d00096821 959 $aBK 969 $aUMA 979 $aMARIA$b10$c20030414$lUSA01$h1136 979 $aMARIA$b10$c20030715$lUSA01$h1333 979 $aRENATO$b90$c20030918$lUSA01$h1229 979 $aPATRY$b90$c20040406$lUSA01$h1719 979 $aCOPAT3$b90$c20060224$lUSA01$h0945 996 $aMethexis$9906183 997 $aUNISA LEADER 02721nam0 22005413i 450 001 UBS0000621 005 20251003044426.0 010 $a0073380490 010 $a9780071289467 010 $a9780073380490 010 $a9781259098581$bindian edition 100 $a20120202d2011 ||||0itac50 ba 101 | $aeng$ceng 102 $aus 181 1$6z01$ai $bxxxe 182 1$6z01$an 183 1$6z01$anc$2RDAcarrier 200 1 $aDigital signal processing$ea computer-based approach$fSanjit K. Mitra 205 $a4. ed 210 $aNew York [etc.]$cMcGraw-Hill$d2011 215 $a XX, 940 p.$d25 cm$e1 CD-ROM 500 10$aDigital signal processing.$3UBS0018628$9MILV019191$91516082 606 $aSegnali elettrici$xElaborazione elettronica$2FIR$3CFIC023942$9I 606 $aMicroelaboratori$xProgrammi MATLAB$2FIR$3NAPC223204$9I 676 $a621.382$9INGEGNERIA DELLE COMUNICAZIONI$v14 676 $a621.3822$9INGEGNERIA DELLE COMUNICAZIONI. ELABORAZIONE DEL SEGNALE$v22 696 $aElaborazione di dati$aElaborazione dati$aElaborazione dei dati$aElectronic data processing$aData processing$aTrattamento elettronico dei dati$aElaborazione elettronica dei dati 696 $aMicroelaboratori elettronici$aPersonal computer$aPC 699 $aElaborazione elettronica$yElaborazione di dati 699 $aElaborazione elettronica$zElaborazione dati 699 $aElaborazione elettronica$yElaborazione dei dati 699 $aElaborazione elettronica$yElectronic data processing 699 $aElaborazione elettronica$yData processing 699 $aElaborazione elettronica$yTrattamento elettronico dei dati 699 $aElaborazione elettronica$yElaborazione elettronica dei dati 699 $aMicroelaboratori$zMicroelaboratori elettronici 699 $aMicroelaboratori$yPersonal computer 699 $aMicroelaboratori$yPC 700 1$aMitra$b, Sanjit Kumar$f < 1935 - >$3MILV019191$0292151 790 1$aMitra$b, Sanjit K.$3PAVV001076$zMitra, Sanjit Kumar < 1935 - > 801 3$aIT$bIT-000000$c20120202 850 $aIT-BN0095 901 $bNAP 01$cSALA DING $n$ 912 $aUBS0000621 950 0$aBiblioteca Centralizzata di Ateneo$b1 v. + 1 CD-ROM (2. copia)$c1 v. + 1 CD-ROM in due copie$d 01SALA DING 621.382 MIT.di$e 0102 0000091325 VMA A4 1 v. + 1 CD-ROM$fY $h20120127$i20120202$b1 v. + 1 CD-ROM (2. copia)$c1 v. + 1 CD-ROM in due copie$d 01SALA DING 621.382 MIT.di$e 0102 0000094515 VMA A4(bis 1 v. + 1 CD-ROM (2. copia)$fY $h20121108$i20121108 977 $a 01 996 $aDigital signal processing$91516082 997 $aUNISANNIO